000 00367nam a2200157Ia 4500
003 OSt
005 20240216165137.0
008 170524s9999 xx 000 0 und d
020 _a9789385965050
040 _cIIMT
100 _aSharma.R.C.
245 0 _aBusiness correspondence and reoprt writing
260 _bTata mcgraw hill
260 _c2005
942 _2ddc
_c02
999 _c7297
_d7297